The great western pictures /

Bibliographic Details
Main Author: Parish, James Robert
Other Authors: Pitts, Michael R.
Format: Book
Language:English
Published: Metuchen, N.J. : Scarecrow Press, 1976.
Subjects:

MARC

Tag First Indicator Second Indicator Subfields
LEADER 00000cam a22000008i 4500
001 in00000344921
005 20151011052312.0
008 760727s1976 nju b 00010 eng
010 |a  76028224  
020 |a 081080980X 
035 |a (OCoLC)02373111 
035 |9 ABL3010AM 
040 |a DLC  |c DLC  |d TXA  |d UtOrBLW 
049 |a TXAM  |c [1239308] 
050 0 0 |a PN1995.9.W4  |b P27 
082 0 |a 791.43/0909/32 
100 1 |a Parish, James Robert. 
245 1 4 |a The great western pictures /  |c by James Robert Parish and Michael R. Pitts ; editor, T. Allan Taylor ; research associates, John Robert Cocchi [and others]. 
264 1 |a Metuchen, N.J. :  |b Scarecrow Press,  |c 1976. 
300 |a xx, 457 pages :  |b illustrations ;  |c 23 cm. 
336 |a text  |b txt  |2 rdacontent 
337 |a unmediated  |b n  |2 rdamedia 
338 |a volume  |b nc  |2 rdacarrier 
504 |a Bibliography: pages 430-455. 
650 0 |a Western films  |x History and criticism. 
700 1 |a Pitts, Michael R. 
999 |a MARS 
999 f f |s 87b0fd82-119c-36ec-aeb8-92cd87dbf638  |i 293b5ff7-ae0e-3f73-b004-369a24417843  |t 0 
952 f f |p ric  |a Texas A&M University  |b Rellis Campus  |c Joint Library Facility  |d Remote Storage  |t 0  |e PN1995.9.W4 P27  |h Library of Congress classification  |i unmediated -- volume  |m A14803691190 
998 f f |a PN1995.9.W4 P27  |t 0  |l Remote Storage